000 00244nam a2200109 4500
999 _c10762
_d10762
003 OSt
005 20220707135247.0
008 220707b ||||| |||| 00| 0 eng d
100 _aThe swadish institute
245 _aDesign in sweden
942 _2ddc